K vybraným aspektom vyhodnocovania rozvojovej pomoci

Analýza problematiky vyhodnocovania rozvojovej pomoci z pohľadu prístupov, zainteresovaných subjektov, časového uplatnenia a druhov hodnotenia.

Saved in:
Bibliographic Details
Main Author: Ščepán, Michal
Format: Book Chapter
Language:Slovak
Subjects:
Tags: Add Tag
No Tags, Be the first to tag this record!

MARC

LEADER 00000naa$a2200000$$$4500
001 0105659
005 20240502072155.3
041 0 |a slo 
044 |a SK 
245 1 0 |a K vybraným aspektom vyhodnocovania rozvojovej pomoci  |c Michal Ščepán 
520 |a Analýza problematiky vyhodnocovania rozvojovej pomoci z pohľadu prístupov, zainteresovaných subjektov, časového uplatnenia a druhov hodnotenia. 
610 2 0 |a pomoc rozvojová 
610 2 0 |a programy rozvojové 
610 2 0 |a politika hospodárska medzinárodná 
610 2 0 |a politika sociálna 
610 2 0 |a efektívnosť ekonomická 
610 2 0 |a intervencie 
100 1 |a Ščepán, Michal